ARRUPE JESUIT UNIVERSITY

CORONAVIRUS -STOP THE SPREAD - CLEAN,DISINFECT,COVER

Migration and development in Southern Africa : (Record no. 129608)

MARC details
000 -LEADER
fixed length control field 01265cam a2200349 a 4500
001 - CONTROL NUMBER
control field 12972895
003 - CONTROL NUMBER IDENTIFIER
control field ARRUPE
005 - DATE AND TIME OF LATEST TRANSACTION
control field 20190522141643.0
008 - FIXED-LENGTH DATA ELEMENTS--GENERAL INFORMATION
fixed length control field 020822s2001 rh b bs 000 0 eng
010 ## - LIBRARY OF CONGRESS CONTROL NUMBER
LC control number 2002345720
020 ## - INTERNATIONAL STANDARD BOOK NUMBER
International Standard Book Number 1779051190
035 ## - SYSTEM CONTROL NUMBER
System control number (DLC) 2002345720
040 ## - CATALOGING SOURCE
Original cataloging agency DLC
Transcribing agency DLC
Modifying agency DLC
042 ## - AUTHENTICATION CODE
Authentication code lcode
043 ## - GEOGRAPHIC AREA CODE
Geographic area code fs-----
050 00 - LIBRARY OF CONGRESS CALL NUMBER
Classification number HB2123.3.A3
Item number M54 2001
300 ## - PHYSICAL DESCRIPTION
Other physical details maps ;
Dimensions 21 cm.
245 00 - TITLE STATEMENT
Title Migration and development in Southern Africa :
Remainder of title policy reflections /
Statement of responsibility, etc [edited by Khabele Matlosa].
260 ## - PUBLICATION, DISTRIBUTION, ETC. (IMPRINT)
Place of publication, distribution, etc Harare :
Name of publisher, distributor, etc SAPES Books,
Date of publication, distribution, etc 2001.
300 ## - PHYSICAL DESCRIPTION
Extent 302 p. :
440 #0 - SERIES STATEMENT/ADDED ENTRY--TITLE
Title Southern Africa specialised studies series
9 (RLIN) 23046
500 ## - GENERAL NOTE
General note "SAPES Trust"--P. [4] of cover.
500 ## - GENERAL NOTE
General note Errata slip attached to cover p. [3].
504 ## - BIBLIOGRAPHY, ETC. NOTE
Bibliography, etc Includes bibliographical references.
650 #0 - SUBJECT ADDED ENTRY--TOPICAL TERM
Topical term or geographic name as entry element Migration, Internal
Geographic subdivision Africa, Southern.
9 (RLIN) 46409
650 #0 - SUBJECT ADDED ENTRY--TOPICAL TERM
Topical term or geographic name as entry element Rural development
Geographic subdivision Africa, Southern.
9 (RLIN) 26663
650 #0 - SUBJECT ADDED ENTRY--TOPICAL TERM
Topical term or geographic name as entry element Agriculture
General subdivision Economic aspects
Geographic subdivision Africa, Southern.
9 (RLIN) 46410
700 1# - ADDED ENTRY--PERSONAL NAME
Personal name Matlosa, K. T.
9 (RLIN) 46411
Relator term ed.
710 2# - ADDED ENTRY--CORPORATE NAME
Corporate name or jurisdiction name as entry element SAPES Trust.
9 (RLIN) 23049
906 ## - LOCAL DATA ELEMENT F, LDF (RLIN)
a 7
b cbc
c origode
d 3
e ncip
f 20
g y-gencatlg
942 ## - ADDED ENTRY ELEMENTS (KOHA)
Source of classification or shelving scheme Library of Congress Classification
Koha item type Monograph ( Printed materials)
Holdings
Withdrawn status Lost status Source of classification or shelving scheme Damaged status Not for loan Collection code Home library Current library Shelving location Date acquired Total Checkouts Full call number Barcode Date last seen Price effective from Koha item type
    Library of Congress Classification     Main Collection ARRUPE LIBRARY ARRUPE LIBRARY Main Collection 21/05/2019   HB2123.3.A3 M54 2001 46600004774 21/05/2019 21/05/2019 Monograph ( Printed materials)
    Library of Congress Classification     Main Collection ARRUPE LIBRARY ARRUPE LIBRARY Main Collection 21/05/2019   HB2123.3.A3 M54 2001 46600004776 21/05/2019 21/05/2019 Monograph ( Printed materials)

 

Arrupe Library. PO Box MP320 Mt Pleasant, Harare, Zimbabwe
263 242 745411|librarian@aju.ac.zw